000
00275nam a2200109Ia 4500
001
1276041
005
20260417160439.0
008
260417s9999 xx 000 0 und d
020
_a
9786255888266
245
0
_a
Beklenmedik Bir Şey
_c
Ashling Lindsay
260
_b
Ketebe Çocuk
999
_c
1276041
_d
1276041